Tithe as gift : the institution in the Pentateuch and in light of Mauss's prestation theory /

Bibliographic Details
Main Author: Herman, Menahem
Format: Book
Language:English
Published: San Francisco : Mellen Research University Press, 1992.
Subjects:

MARC

Tag First Indicator Second Indicator Subfields
LEADER 00000cam a22000008a 4500
001 in00001052821
005 20150929083117.0
008 911004s1992 nyu b 001 0 eng
010 |a  91033318  
020 |a 0773499598 
035 |a (OCoLC)24667233 
035 |9 AFJ8955AM 
040 |a DLC  |c DLC  |d TXA  |d UtOrBLW 
049 |a TXAM 
050 0 0 |a BS1225.6.T55  |b H47 1992 
082 0 0 |a 248/.6  |2 20 
100 1 |a Herman, Menahem. 
245 1 0 |a Tithe as gift :  |b the institution in the Pentateuch and in light of Mauss's prestation theory /  |c Menachem Herman. 
264 1 |a San Francisco :  |b Mellen Research University Press,  |c 1992. 
300 |a 188 pages 
336 |a text  |b txt  |2 rdacontent 
337 |a unmediated  |b n  |2 rdamedia 
338 |a volume  |b nc  |2 rdacarrier 
504 |a Includes bibliographical references and index. 
650 0 |a Tithes  |x Biblical teaching. 
650 0 |a Ceremorial exchange. 
630 0 0 |a Bible.  |p Pentateuch  |x Criticism, interpretation, etc. 
600 1 0 |a Mauss, Marcel,  |d 1872-1950. 
999 |a MARS 
999 f f |s 21c53e21-56d7-3529-ab11-11f630daaf08  |i e75a2b70-61c7-3ee9-b3a1-d54731a18f4d  |t 0 
952 f f |p ric  |a Texas A&M University  |b Rellis Campus  |c Joint Library Facility  |d Remote Storage  |t 0  |e BS1225.6.T55 H47 1992  |h Library of Congress classification  |i unmediated -- volume  |m A14815518447 
998 f f |a BS1225.6.T55 H47 1992  |t 0  |l Remote Storage